000 00447nam a2200145Ia 4500
008 100122s9999 xx 000 0 und d
082 _b22780
_a822
100 _aकालेलकर मधुसूदन
245 _aतो राजहंस अेक
260 _bकमलिनी फडके
_c1975
300 _a92
630 _aतो राजहंस अेक
730 _aतो राजहंस अेक
942 _cBOOK
999 _c410489
_d410486